000 01219nam a22002537a 4500
005 20180418120246.0
008 180418b xxu||||| |||| 00| 0 hin d
010 _aB-690402-403
020 _a8171825125
_c95.00
035 _aB-690402-403
037 _bडायमंड
040 _adpl
_bhn
082 _a921
100 _aअग्रवाल, गिरिराजशरण
_923953
245 _aक्रांतिवीर सुभाष /
_cगिरिराजशरण अग्रवाल
260 _aनई दिल्ली
_bडायमंड पॉकेट बुक्स
_c2013
270 _ax-30, ओखला इंडस्ट्रियल एरिया, फेज-11
_bनई दिल्ली
_cदिल्ली
_e110020
300 _a141पृ
_c22 सेमी (अजिल्द)
500 _aबलिदानी पुस्तक
700 _923954
700 _aअग्रवाल, गिरिराजशरण
_923955
942 _adpl
_cHN
_2ddc
_h921
_mअग्रवा
999 _c151363
_d151363